000 01640nam a2200481 i 4500
001 25918
003 KOSZ 005
005 20200804130702.0
008 200804s1974 pl a g 000 0 pol
015 _aUWD 1974/3072
035 _a991028693489705066
035 _a(PL-WaBN)b17762388-48omnis_nlop
035 _ab17762388
035 _a(OCoLC)838812804
035 _a(PL)b0000001776238
035 _a(EXLNZ-48OMNIS_NETWORK)9910325570705606
040 _aWA N
_cWA N
_dKOSZ 005/RW
046 _k1974
080 _a52
100 1 _aZonn, Włodzimierz
_d(1905-1975)
_eAutor
245 1 0 _aAstronomia z perspektywy czasu /
_cWłodzimierz Zonn.
260 _a[Warszawa] :
_b"Wiedza Powszechna",
_c1974.
300 _a290, [2] stron, [12] kart tablic :
_bilustracje, portrety, tablice, errata ;
_c21 cm.
336 _aTekst
_btxt
_2rdacontent
337 _aBez urządzenia pośredniczącego
_bn
_2rdamedia
338 _aWolumin
_bnc
_2rdacarrier
380 _aKsiążki
380 _aPublikacje popularnonaukowe
388 1 _a1901-2000
388 1 _a1945-1989
490 1 _aZłota Seria Literatury Popularnonaukowej
650 7 _aAstronomia
_2DBN
650 7 _aWszechświat
650 7 _aAstrofizyka
655 7 _aBiografia
655 7 _aWydawnictwa popularne
658 _aFizyka i astronomia
710 2 _aPaństwowe Wydawnictwo Wiedza Powszechna
_4pbl
830 0 _aZłota Seria - Wiedza Powszechna
856 _uhttp://koha.tu.koszalin.pl/cgi-bin/koha/opac-detail.pl?biblionumber=25918
_yKatalog online BPK
942 _2UKD
_cKS
999 _c25918
_d25918